000 00778nam a22002657a 4500
001 00235
003 DO-SdBNP
005 20180205095502.0
007 00235
008 160411b 1989 sp ||||| |||| 00| 0 spa d
020 _a9503700388
040 _6BPMSU
_8spa
_aBPMSU
_crcd
100 _aCela, Camilo José,
_d 1916-2002.
245 _aMazurca para dos muertos /
_cCamilo José Cela
250 _a2a. ed.
260 _aBarcelona :
_bSeix Barral,
_c1984
300 _a266 p. :
_bmapas ;
_c19 cm.
490 _aBiblioteca breve
500 _aIncluye datos biográficos del autor en la contracubierta
504 _aGlosario : p. 257-266.
830 _aBiblioteca breve
942 _2ddc
_cBK
945 _aInventariado,2018/MFF
956 _2VMATEO
_310
_620160411
_8BPMSU
_a0069
999 _c9680
_d9680